| 000 | 00783cam a2200193 i 4500 | ||
|---|---|---|---|
| 005 | 20260622132459.0 | ||
| 020 | _a9781503613577 | ||
| 082 | 0 | 0 |
_a956.04 ERA/J _223 |
| 100 | 1 |
_aErakat, Noura, _eauthor. _916691 |
|
| 245 | 1 | 0 |
_aJustice for some : _blaw and the question of Palestine / _cby Noura Erakat. |
| 260 |
_a. - Stanford _b: Stanford University Press _c, 2019 |
||
| 300 |
_axiii, 331 pages : _billustrations, maps ; |
||
| 504 | _aIncludes bibliographical references (pages 247-312) and index. | ||
| 505 | 0 | _aColonial erasures -- Permanent occupation -- Pragmatic revolutionaries -- The Oslo peace process -- From occupation to warfare. | |
| 650 | 0 |
_aPalestinian Arabs _916520 |
|
| 650 | 0 |
_aIsrael-Arab War, 1967 _916692 |
|
| 650 | 0 |
_aArab-Israeli conflict _99 |
|
| 942 |
_2ddc _cBK |
||
| 999 |
_c760893 _d760893 |
||